Turning on Spiritual Power: (Record no. 4575)

MARC details
000 -LEADER
fixed length control field 00533nam a22001817a 4500
003 - CONTROL NUMBER IDENTIFIER
control field GBCCL
005 - DATE AND TIME OF LATEST TRANSACTION
control field 20241126110521.0
008 - FIXED-LENGTH DATA ELEMENTS--GENERAL INFORMATION
fixed length control field 180124b xxu||||| |||| 00| 0 eng d
040 ## - CATALOGING SOURCE
Transcribing agency gbc
082 ## - DEWEY DECIMAL CLASSIFICATION NUMBER
Classification number 227.5007
Item number MAC
100 ## - MAIN ENTRY--PERSONAL NAME
Personal name MacArthur, John
9 (RLIN) 8028
245 ## - TITLE STATEMENT
Title Turning on Spiritual Power:
Remainder of title Ephesians 3:14-21 /
Statement of responsibility, etc. John MacArthur
260 ## - PUBLICATION, DISTRIBUTION, ETC.
Place of publication, distribution, etc. Panorama:
Name of publisher, distributor, etc. Word of Grace Communications,
Date of publication, distribution, etc. 1981
300 ## - PHYSICAL DESCRIPTION
Extent 40 p.;
Other physical details ill.,
Dimensions 23 cm.
440 ## - SERIES STATEMENT/ADDED ENTRY--TITLE
Title Study Notes
9 (RLIN) 8454
650 ## - SUBJECT ADDED ENTRY--TOPICAL TERM
Topical term or geographic name entry element Bible
Form subdivision N.T.
-- Ephesians
General subdivision Study
9 (RLIN) 8450
942 ## - ADDED ENTRY ELEMENTS (KOHA)
Source of classification or shelving scheme Dewey Decimal Classification
Koha item type Books
Holdings
Withdrawn status Lost status Source of classification or shelving scheme Damaged status Not for loan Home library Current Library Shelving location Date acquired Total checkouts Full call number Barcode Date last seen Copy number Price effective from Koha item type
    Dewey Decimal Classification     GRACE BIBLE COLLEGE GRACE BIBLE COLLEGE Biblical Studies 2018-01-24   227.5007 MAC 001834 2025-05-01 c.1 2018-01-24 Books
© Grace Bible College Library 2025